| 000 | 00607nam a22001937a 4500 | ||
|---|---|---|---|
| 999 |
_c180447 _d180447 |
||
| 005 | 20220218152401.0 | ||
| 010 | _aENG-129704 | ||
| 020 |
_c295.00 _a9789390157006 |
||
| 035 | _aEN-113236 | ||
| 037 | _bDBAD/PUB | ||
| 082 | _a371.102 | ||
| 100 | _aSinha, Mosam | ||
| 245 |
_aCulture Your Presentation/ _cMosam Sinha |
||
| 250 | _a2021 | ||
| 260 |
_aNew Delhi _bD.P.S Publishing House _c2020 |
||
| 270 |
_a4598/12B,Gola Cottage, Ansari Road, Darya Ganj _bNew Delhi _e110002 _k011-43586184 _mdpspublishinghouse@gmail.com |
||
| 300 |
_a84 p. _c23cm (pbk) |
||
| 942 |
_2ddc _cEN _h371.102 _mSIN |
||